00737nam a22002057a 4500003000400000005001700004008004100021020001800062040000900080100002000089245010400109260003200213300001100245490001900256500012700275650004200402650004100444650002700485700001900512OSt20131113110104.0130424s2010 sp ||||| |||| 00| 0 spa d a9788499083117 cCDMR1 aCruz Ruiz, Juan10a¿ Periodismo ?b: vale la pena vivir para este oficiocJuan Cruz Ruiz ; prólogo de Javier Moreno aBarcelonabDebolsilloc2010 a251 p.0 aCrónicav249 aConté les entrevistes publicades a El País, entre gener i febrer de 2009, sota el títol de "Maestros del periodismo"04aPeriodismexOrientació professional04aPeriodistesxPràctica professional04aPeriodistesvIntervius1 aMoreno, Javier